'80s Sitcoms Quiz Stats

 Plays Quiz Updated Jan 14, 2019

Support Sporcle.
Go Orange.
Score 0/30 Timer 06:00
1 Play Today
Sitcom % Correct
Cheers
94.9%
The Golden Girls
88.9%
The Cosby Show
85.5%
Family Ties
82.4%
Diff'rent Strokes
80.5%
Alf
80.4%
Taxi
80.3%
Who's the Boss
70.4%
The Facts of Life
67%
Night Court
67%
Designing Women
62.1%
Perfect Strangers
60.5%
Bosom Buddies
59.3%
Newhart
58.9%
Webster
58.9%
Sitcom % Correct
Charles in Charge
58.2%
My Two Dads
58.1%
Mama's Family
56.7%
Growing Pains
54.6%
Benson
53.6%
Silver Spoons
53.4%
Mr. Belvedere
52.9%
Kate & Allie
44.6%
Head of the Class
43.2%
Punky Brewster
42%
Amen
37.4%
227
34.1%
Gimme A Break
28.2%
Dear John
24.6%
Too Close for Comfort
22.6%

You're not logged in!

Compare scores with friends on all Sporcle quizzes.
OR
Log In
Forgot?

From the Vault

NBA One-Time All-Stars

by zackklemm

Sports 8m
If I had only gone to the all-star game once, I would try to hang out with Kareem Abdul-Jabbar so that I could say, "Yeah between us, me and Kareem are 20 time all-stars"
Remove Ads.
Support Sporcle.
Get the best of Sporcle when you Go Orange. This ad-free experience offers more features, more stats, and more fun while also helping to support Sporcle. Thank you for becoming a member.

Show Comments

Extras

Top Quizzes Today


Score Distribution

Your Account Isn't Verified!

In order to create a playlist on Sporcle, you need to verify the email address you used during registration. Go to your Sporcle Settings to finish the process.

Report this User

Report this user for behavior that violates our Community Guidelines.

Details: